Tilastot visalle Käännä nämä maat englannista suomeksi

Klikkaa tästä pelataksesi tätä visaa!

Yleistilastot

  • Tätä visaa on pelattu 3 377 kertaa
  • Keskiarvotulos 19 / 20

Vastaustilastot

englantisuomi% Oikein
ChinaKiina
99%
GreeceKreikka
99%
NorwayNorja
99%
FranceRanska
99%
GermanySaksa
99%
FinlandSuomi
99%
DenmarkTanska
99%
EstoniaViro
99%
SwedenRuotsi
98%
New ZealandUusi-Seelanti
98%
HungaryUnkari
96%
NetherlandsAlankomaat
94%
AustriaItävalta
94%
SwitzerlandSveitsi
94%
United KingdomYhdistynyt kuningaskunta
92%
CzechiaTšekki
91%
United StatesYhdysvallat
90%
BelarusValko-Venäjä
86%
Republic of the CongoKongon tasavalta
76%
Côte d'IvoireNorsunluurannikko
54%

Tulosjakauma

Persentiili vastausten määrän mukaan

Jokaisen tuloksen saaneiden osuus

Tuloshistoriasi

Et ole pelannut tätä visaa